Movies Quiz

Random Movies or Food Quiz

Food Titled Movies Quiz Stats

 Plays Quiz Updated Dec 16, 2018

Score 0/30 Timer 07:00
2 Plays Today
Year Movie % Correct
1999American Pie
58.3%
1996Space Jam
53.6%
2008Pineapple Express
48.1%
2000Chocolat
45.3%
1993What's eating Gilbert Grape
40.2%
1997Good Burger
36.1%
2005Charlie and the Chocolate Factory
34.8%
1988Mystic Pizza
30.1%
1933Duck Soup
29.9%
2001Vanilla Sky
29.8%
1991Fried Green Tomatoes
26.4%
2002Orange County
17.1%
1982Tootsie
16.9%
1979Meatballs
15.7%
2007Ratatouille
14.4%
Year Movie % Correct
2005Hard Candy
13.8%
1998Home Fries
12.7%
1994Blue Chips
12.1%
1940The Grapes of Wrath
12%
1995Canadian Bacon
11.5%
1961A Raisin in the Sun
5.1%
1992Like Water For Chocolate
3.7%
1987Hamburger Hill
3.2%
1996James and the Giant Peach
2.7%
1993Three Musketeers
2.3%
1984Hot Dog... The Movie
2.2%
1984Children of the Corn
1.5%
1978Attack of the Killer Tomatoes
1.4%
1959Pork Chop Hill
1%
1998Gingerbread Man
0.9%

You're not logged in!

Compare scores with friends on all Sporcle quizzes.
OR
Log In

Sporcle TV

Today on Sporcle TV


Watch our educational content, quiz creation guides, and fun videos on Sporcle TV.

Show Comments

Extras

Top Quizzes Today


Score Distribution

Your Account Isn't Verified!

In order to create a playlist on Sporcle, you need to verify the email address you used during registration. Go to your Sporcle Settings to finish the process.

Report this User

Report this user for behavior that violates our Community Guidelines.

Details: